[Event "36th Cappelle Open 2020"]
[Site "Cappelle-la-Grande"]
[Date "2020.02.24"]
[Round "3.11"]
[White "Bomans, Arno"]
[Black "Stany, G.A."]
[Result "1/2-1/2"]
[WhiteElo "2249"]
[BlackElo "2522"]
[Annotator "TA"]
[PlyCount "47"]
[EventDate "2020.02.22"]
[EventType "swiss"]
[EventCountry "FRA"]
[SourceTitle "playchess.com"]
[Source "ChessBase"]
[SourceQuality "1"]

{[%evp 11,47,16,25,26,31,25,25,6,25,17,33,13,58,48,47,41,47,66,72,66,74,52,61,53,56,62,55,55,56,65,72,52,63,66,53,45,66,47]} 1. d4 Nf6 2. Bg5 c5 3. Bxf6 gxf6 4. d5 Qb6 5. Qc1 f5 6. c4 Bg7 7. Nc3 {A45: Trompowsky Attack.} d6 8. e3 Nd7 9. Nf3 {White has an edge.} Rg8 10. Qc2 Nf6 11. Bd3 e6 (11... e5 $5 {[%cal Re5e4]}) 12. Rb1 Bd7 {[#]} 13. a3 $146 ({Predecessor:} 13. g3 Ng4 14. e4 fxe4 15. Bxe4 O-O-O 16. Bxh7 Rh8 17. Ng5 Rdf8 18. h4 Bd4 19. Nh3 {0-1 (30) Koellner,F (1766)-Prill,G (1960) Heusenstamm 2017}) 13... Ng4 14. O-O Ne5 15. Nxe5 Bxe5 16. f4 Bh8 17. e4 fxe4 $1 18. Bxe4 {Threatens to win with dxe6.} O-O-O $1 19. Kh1 Qa6 20. Nb5 Kb8 21. b4 Bxb5 {White is slightly better.} 22. cxb5 Qb6 $1 ({Avoid the trap} 22... Qxa3 $2 23. Rf3 $18) 23. bxc5 dxc5 24. dxe6 {Accuracy: White = 100%, Black = 93%.} 1/2-1/2

[Event "36th Cappelle Open 2020"]
[Site "Cappelle-la-Grande"]
[Date "2020.02.24"]
[Round "4.1"]
[White "Bauer, Christian"]
[Black "Eden, James"]
[Result "1-0"]
[WhiteElo "2630"]
[BlackElo "2326"]
[Annotator "TA"]
[PlyCount "143"]
[EventDate "2020.02.22"]
[EventType "swiss"]
[EventCountry "FRA"]
[SourceTitle "playchess.com"]
[Source "ChessBase"]
[SourceQuality "1"]

{[%evp 16,143,27,12,33,33,34,36,36,41,31,33,47,41,38,46,43,44,37,37,37,23,30,25,35,6,8,6,51,16,18,0,0,0,7,-53,0,0,17,13,43,14,15,0,0,0,0,0,0,0,25,34,30,30,22,27,27,27,27,27,27,16,22,16,16,8,8,0,0,0,0,0,0,0,110,108,180,191,233,233,523,522,868,498,408,484,338,409,360,309,302,280,366,165,1922,1812,1812,1795,1702,1682,1511,1303,1518,1408,1599,1519,29967,29969,29968,29969,29968,29969,29968,29968,29971,29961,29975,29961,29973,29974,29972,29954,29975,29976,29974,29971,29983,29984,29976,6415]} 1. Nf3 Nf6 2. g3 g6 3. c4 Bg7 4. Bg2 O-O 5. Nc3 d6 6. d4 Nc6 7. O-O a6 8. Re1 {8.b3 is setting a new trend.} Rb8 9. Rb1 Bd7 {E63: King's Indian: Fianchetto: Panno Variation with 7...a6.} 10. b4 e5 11. dxe5 Nxe5 {White is slightly better.} 12. Nxe5 dxe5 13. Be3 {[#]} Be6 $146 ({Predecessor:} 13... Re8 14. Qb3 Be6 15. Red1 Nd7 16. b5 a5 17. Qa4 b6 18. Bc6 Qe7 19. c5 Red8 20. cxb6 Nxb6 21. Qxa5 {1-0 (40) Kraemer,M (2482)-Belezky,A (2463) Germany 2010}) 14. Ba7 Ra8 15. Bc5 Qxd1 16. Rbxd1 Rfb8 17. Nd5 Nxd5 18. cxd5 Bf5 19. d6 c6 $1 20. Rd2 Bh6 21. e3 Bd7 {Black wants to play ...b6.} 22. Bb6 Bg5 23. f4 Bd8 24. Bc7 Rc8 25. Red1 (25. Bxd8 $11 Rxd8 26. e4 (26. fxe5 Re8 $11)) 25... Bg4 (25... exf4 $1 $15 26. gxf4 Bg4 27. Bxd8 Bxd1) 26. Bxd8 $11 Rxd8 27. Rc1 (27. fxe5 Bxd1 28. Rxd1 Kf8 $17) 27... Re8 28. h3 Bd7 29. Kf2 exf4 30. gxf4 f5 $1 31. a4 Kf8 32. h4 Re6 33. b5 axb5 34. axb5 cxb5 35. Rc7 Rd8 36. Rxb7 Be8 37. Rb6 b4 38. Bf1 Bf7 39. Bc4 Rf6 40. Bxf7 Kxf7 {[%mdl 4096] Endgame KRR-KRR} 41. Ke2 Kg7 42. Rd5 Re6 43. h5 b3 44. Rb7+ Kh6 (44... Kg8 $11 {keeps the balance.}) 45. hxg6 $16 {Black is on the road to losing.} (45. Rxb3 $6 Rdxd6 46. Rxd6 Rxd6 $11) 45... Kxg6 (45... Rexd6 $16 46. Rxf5 (46. Rxd6 Rxd6 47. gxh7 Rd8 $16) 46... hxg6) 46. d7 $18 (46. Rxb3 Rdxd6 47. Ra5 Ra6 $11) 46... Kf6 47. Rxb3 Kg6 $2 (47... Kg7 48. Kf3 Rc6 49. Rxf5 Rxd7) 48. Rc3 Rf6 49. Kf3 Rf7 50. Rc6+ Kg7 51. Rcd6 Kg8 52. Re5 Kg7 53. Kg3 ({Don't do} 53. Red5 $6 Kf8 $18) 53... h6 54. Kf3 (54. Red5 $142) 54... Rf6 $2 (54... h5 55. Kg3 (55. Red5 h4 $16) 55... Rfxd7 56. Rxd7+ Rxd7 57. Rxf5 Re7) 55. Rdd5 Rf7 56. Rxf5 Rxf5 57. Rxf5 Rxd7 {KR-KR} 58. e4 Rd1 59. Ra5 Kg6 60. Ra6+ Kh5 61. e5 {White mates.} Re1 62. Rf6 Ra1 63. Ke4 Ra4+ 64. Kf5 Ra5 65. Rb6 Ra8 66. Rb1 {[%cal Rb1h1]} Rf8+ 67. Ke4 Kg6 68. Rb6+ Kg7 69. f5 h5 70. Kf4 h4 71. Rg6+ Kh7 72. Rg4 {Accuracy: White = 83%, Black = 67%.} (72. Kg5 $142 Re8 73. e6 Re7 74. Rh6+ Kg8 75. Rxh4 Rg7+ 76. Kf6 Rb7 77. Rg4+ Kf8 {[#]} 78. e7+ $1 {[%mdl 512]} Rxe7 79. Rg8+ $1 {[%mdl 576] Deflection} Kxg8 80. Kxe7) 1-0

[Event "36th Cappelle Open 2020"]
[Site "Cappelle-la-Grande"]
[Date "2020.02.24"]
[Round "4.2"]
[White "Brugel, Hugo"]
[Black "Shchekachev, Andrei"]
[Result "0-1"]
[WhiteElo "1782"]
[BlackElo "2529"]
[Annotator "TA"]
[PlyCount "44"]
[EventDate "2020.02.22"]
[EventType "swiss"]
[EventCountry "FRA"]
[SourceTitle "playchess.com"]
[Source "ChessBase"]
[SourceQuality "1"]

{[%evp 19,44,14,25,0,0,-25,-17,-18,-18,-31,-15,-16,-17,-18,-22,-22,-18,-46,-46,-49,-37,-62,-60,-102,-90,-227,-214]} 1. e4 c5 2. Nf3 e6 3. c3 d5 4. exd5 Qxd5 5. d4 Nf6 6. Be2 cxd4 7. cxd4 Nc6 8. O-O Be7 9. Nc3 Qd6 10. Nb5 Qd8 11. a3 {B22: Sicilian: 2 c3.} O-O 12. Bg5 {[#]} Nd5 $146 ({Predecessor:} 12... b6 13. Ne5 Bb7 14. Bf3 Nd5 15. Bxd5 exd5 16. Nxc6 Bxc6 17. Bxe7 Qxe7 18. Re1 Qf6 {½-½ (40) Sekulic,V (2295)-Marjanovic,D (2149) Neum 2011}) 13. Bxe7 {The position is equal.} Ncxe7 14. Qd2 Bd7 15. Ne5 Bxb5 16. Bxb5 Qb6 17. Be2 {Threatening Nd7.} Rad8 18. Rad1 Nf6 19. Nc4 Qc7 20. Ne3 Nc6 21. Qc2 Qb6 22. Qc5 (22. d5 $17 exd5 23. Ng4) 22... Nxd4 {White got outplayed after the opening. Accuracy: White = 32%, Black = 100%.} 0-1

[Event "36th Cappelle Open 2020"]
[Site "Cappelle-la-Grande"]
[Date "2020.02.24"]
[Round "4.3"]
[White "Viani Antonio Dcunha"]
[Black "Martinez Alcantara, Jose Eduardo"]
[Result "1/2-1/2"]
[WhiteElo "2403"]
[BlackElo "2617"]
[Annotator "TA"]
[PlyCount "48"]
[EventDate "2020.02.22"]
[EventType "swiss"]
[EventCountry "FRA"]
[SourceTitle "playchess.com"]
[Source "ChessBase"]
[SourceQuality "1"]

{[%evp 22,48,-12,-19,-8,-18,0,-10,0,-3,0,-18,21,21,54,18,29,11,19,13,19,23,10,7,64,34,58,41,147]} 1. e4 c5 2. Nf3 d6 3. d4 cxd4 4. Nxd4 Nf6 5. Nc3 a6 6. Be2 e5 7. Nb3 Be7 8. O-O O-O 9. Kh1 b5 {[%cal Bb7b5,Bb5b4][%mdl 32]} 10. a4 Bb7 11. f3 b4 12. Nd5 Nxd5 {B92: Sicilian Najdorf: 6 Be2.} 13. exd5 Nd7 14. c4 bxc3 {The position is equal.} 15. bxc3 Bg5 16. Ba3 {[#]} Nf6 $146 ({Predecessor:} 16... Qc7 17. c4 Be3 18. Bd3 g6 19. Rb1 Bc8 20. Qe1 Bc5 21. Bc1 f6 22. f4 exf4 23. Bxf4 {1-0 (34) Ganguly,S (2556)-Saravanan,V (2357) Mumbai 2003}) 17. c4 h5 18. Rb1 Bc8 19. c5 dxc5 20. d6 Rb8 21. Qd3 c4 22. Qxc4 {Threatening d7!} Bf5 (22... Re8 $11) 23. Bd3 $14 Be6 24. Qc3 {Black must now prevent Nc5.} Bf4 {Accuracy: White = 87%, Black = 66%.} (24... e4 $14 25. fxe4 Ng4) 1/2-1/2

[Event "36th Cappelle Open 2020"]
[Site "Cappelle-la-Grande"]
[Date "2020.02.24"]
[Round "4.4"]
[White "Moussard, Jules"]
[Black "Maerevoet, Sim"]
[Result "1-0"]
[WhiteElo "2608"]
[BlackElo "2412"]
[Annotator "TA"]
[PlyCount "104"]
[EventDate "2020.02.22"]
[EventType "swiss"]
[EventCountry "FRA"]
[SourceTitle "playchess.com"]
[Source "ChessBase"]
[SourceQuality "1"]

{[%evp 10,104,19,12,22,27,30,0,-12,-26,44,42,17,22,29,0,22,43,22,25,52,51,45,42,85,62,69,41,116,135,118,115,120,129,129,33,133,133,142,160,149,154,166,162,166,160,180,185,188,141,129,145,149,142,149,119,183,170,189,179,185,172,172,179,172,204,297,274,297,297,271,279,268,268,244,193,279,250,410,414,485,464,574,552,513,522,593,584,1022,1114,818,1045,629,947,1613,1593,29989]} 1. e4 c5 2. Nf3 d6 3. d4 cxd4 4. Nxd4 Nf6 5. Nc3 a6 6. Nb3 e6 {B90: Sicilian Najdorf: Unusual White 6th moves, 6 Be3 Ng4 and 6 Be3 e5.} 7. g4 b5 8. g5 b4 {The position is equal.} 9. Nd5 {[#]} Nxd5 $146 (9... Nxe4 $11 10. Be3 Nc5 11. Nxb4 Bb7) ({Predecessor:} 9... Nxe4 10. Be3 Nc5 11. Nxb4 Bb7 12. Rg1 Nbd7 13. Nd3 Nxd3+ 14. Bxd3 Ne5 15. Be2 Rc8 {0-1 (43) Yeritsyan,A (2299)-Savitskiy,S (2411) Sochi 2019}) 10. exd5 $14 e5 11. Be3 Be7 12. Qd2 O-O 13. a3 $36 {[%mdl 2048] White has the initiative.} bxa3 14. Rxa3 Bf5 15. Na5 Be4 16. Rg1 $1 Qd7 17. h4 Bd8 18. Nc4 Qb5 (18... a5 $14) 19. b4 $16 Qxd5 20. Nxd6 Qxd2+ 21. Kxd2 Bc6 22. c3 (22. Bc4 $16) 22... Bc7 ({Black should try} 22... a5 $1 $14) 23. Nc4 Rd8+ 24. Kc2 Be4+ 25. Kb2 Nd7 26. Bg2 Bxg2 27. Rxg2 Rdb8 28. Rg1 Nb6 29. Bxb6 Bxb6 30. Rf1 f6 31. gxf6 gxf6 32. f3 Kf7 (32... h5 $16) 33. Rfa1 Bf2 34. h5 ({Don't do} 34. Rxa6 $6 Rxa6 35. Rxa6 Bxh4 $16) 34... Ke6 35. Rxa6+ Rxa6 36. Rxa6+ $18 {[%mdl 4096] Endgame KRB-KRN} Kf5 37. Kc2 Bh4 (37... Kg5 $142 38. Kd3 Bg3) 38. Ne3+ Kg5 39. Nd5 f5 40. c4 e4 41. fxe4 fxe4 42. h6 Kf5 (42... Re8 {was necessary.}) 43. b5 Ke5 $2 {[#]} (43... Bg5 {is a better defense.} 44. Ra7 Rc8) 44. Ra7 Kd4 45. Kb3 {White is clearly winning.} e3 {next ...e2 is good for Black.} 46. Nc3 Rd8 47. Rxh7 Be1 48. Nd5 Bh4 {Strongly threatening ...Rxd5.} 49. Nxe3 Kxe3 50. b6 Kd4 {[#]} 51. Kb4 $1 Rd6 52. c5 Kd5 {Accuracy: White = 84%, Black = 48%.} 1-0

[Event "36th Cappelle Open 2020"]
[Site "Cappelle-la-Grande"]
[Date "2020.02.24"]
[Round "4.5"]
[White "Mohammad Nubairshah Shaikh"]
[Black "Nikolov, Momchil"]
[Result "1/2-1/2"]
[WhiteElo "2415"]
[BlackElo "2539"]
[Annotator "TA"]
[PlyCount "23"]
[EventDate "2020.02.22"]
[EventType "swiss"]
[EventCountry "FRA"]
[SourceTitle "playchess.com"]
[Source "ChessBase"]
[SourceQuality "1"]

{[%evp 18,23,41,52,39,53,43,51]} 1. d4 Nf6 2. c4 e6 3. Nc3 Bb4 4. Qc2 c5 5. dxc5 O-O 6. a3 Bxc5 7. Nf3 Qb6 8. e3 Be7 9. Bd3 d6 10. O-O {White is slightly better.} Nbd7 {E39: Nimzo-Indian: Classical: 4...c5 5 dxc5 0-0.} 11. b4 a6 {[#]} 12. Rd1 $146 ({Predecessor:} 12. Bb2 Qc7 13. Ne4 h6 14. Nxf6+ Bxf6 15. Rac1 Bxb2 16. Qxb2 b6 17. Be4 Rb8 18. Nd2 {½-½ (30) Vitiugov,N (2735)-Bachmann,A (2629) Caleta 2015}) 1/2-1/2

[Event "36th Cappelle Open 2020"]
[Site "Cappelle-la-Grande"]
[Date "2020.02.24"]
[Round "4.6"]
[White "Kojima, Shinya"]
[Black "Dimitrov, Radoslav"]
[Result "1/2-1/2"]
[WhiteElo "2397"]
[BlackElo "2519"]
[Annotator "TA"]
[PlyCount "53"]
[EventDate "2020.02.22"]
[EventType "swiss"]
[EventCountry "FRA"]
[SourceTitle "playchess.com"]
[Source "ChessBase"]
[SourceQuality "1"]

{[%evp 13,53,-3,-4,0,0,-5,0,0,3,0,0,-1,0,0,-8,-10,75,66,90,87,92,0,45,-63,-64,-74,0,0,0,0,0,0,0,0,28,83,89,18,27,0,45,0]} 1. Nf3 g6 2. d4 Nf6 3. c4 Bg7 4. g3 d6 5. Bg2 Bf5 6. Nc3 Ne4 7. Nxe4 Bxe4 8. O-O {E62: King's Indian: Fianchetto: 6...c6 and Panno Variation (6...Nc6) without ...a6.} O-O 9. Be3 c5 10. Qd2 {The position is equal.} Qb6 11. Rad1 Nc6 {[%cal Bb8c6,Bc6b4,Bb4c2][%mdl 32]} 12. d5 Nb4 13. a3 Nc2 14. Bh6 {[#]} Qxb2 $146 (14... Bxh6 $11 15. Qxh6 Bxf3 16. Bxf3 Nd4) ({Predecessor:} 14... Bxh6 15. Qxh6 Bxf3 16. Bxf3 Nd4 17. Qc1 e5 18. dxe6 fxe6 19. Bg4 Qc6 20. Qe3 e5 {0-1 (30) Torres,J (2291)-Gajewski,G (2628) Barcelona 2012}) 15. Rb1 $16 Qxa3 16. Bxg7 $1 Kxg7 17. Rxb7 (17. Ne1 $1 $16 {[%cal Re1c2]} Ne3 18. Bxe4 Nxf1 19. Kxf1) 17... Nb4 18. Nh4 (18. Rxe7 $14 Bxf3 19. Bxf3 (19. exf3 a5 $11)) 18... Bxg2 $15 19. Kxg2 {[#]} Rae8 ({Better is} 19... Rfe8 $1 $17) 20. Rxe7 $11 {Strongly threatening Qg5.} h6 (20... Rxe7 $5 21. Nf5+ $8 gxf5 22. Qg5+ {[%mdl 64] Double Attack} Kh8 23. Qf6+ Kg8 24. Qg5+ Kh8 25. Qf6+ Kg8 26. Qg5+ Kh8 $11) 21. Rd7 Rd8 22. Rb7 Rb8 23. Rd7 {Qf4 is the strong threat.} Rfd8 24. Rc7 {Threatens to win with Qf4.} Rbc8 {[#]} 25. Rb7 (25. Re7 $1 $16 {Black must now prevent Qf4.} Re8 26. Rxf7+ Kxf7 27. Qxh6) 25... Rb8 26. Rc7 {Hoping for Qf4.} (26. Re7 $5 {[%cal Rd2f4]} Re8 27. Rd7 $11) 26... Rbc8 $1 {[%cal Rc8c7]} 27. Rb7 {Accuracy: White = 71%, Black = 73%.} 1/2-1/2

[Event "36th Cappelle Open 2020"]
[Site "Cappelle-la-Grande"]
[Date "2020.02.24"]
[Round "4.7"]
[White "Enchev, Ivajlo"]
[Black "Laurent-Paoli, Pierre"]
[Result "1-0"]
[WhiteElo "2496"]
[BlackElo "2403"]
[Annotator "TA"]
[PlyCount "75"]
[EventDate "2020.02.22"]
[EventType "swiss"]
[EventCountry "FRA"]
[SourceTitle "playchess.com"]
[Source "ChessBase"]
[SourceQuality "1"]

{[%evp 14,74,-5,-10,-25,-15,-12,-20,-9,-13,0,-15,8,12,34,0,0,4,21,14,428,425,417,418,412,416,520,503,718,621,615,600,575,250,537,374,349,374,297,233,516,508,700,704,666,693,870,825,29977,29978,29978,29979,29979,29980,29986,29985,29985,29986,29986,29987,29990,29991,29999]} 1. Nf3 g6 2. c4 Bg7 3. Nc3 c5 4. d4 cxd4 5. Nxd4 Nc6 6. Nc2 Bxc3+ 7. bxc3 Qa5 8. e4 {is cutting edge theory.} Nf6 {A35: Symmetrical English: 2 Nc3 Nc6 3 Nf3.} 9. f3 d6 10. Be2 Be6 {The position is equal.} 11. O-O Rc8 12. Ne3 Ne5 {[%cal Re5c4]} 13. Nd5 Nfd7 14. Be3 {[#]} f6 $146 ({Predecessor:} 14... Nxc4 15. Qd4 Nde5 16. f4 Bxd5 17. exd5 Nxe3 18. fxe5 Nxf1 19. exd6 Qc5 {0-1 (27) Kubatko,I (2208)-Brodsky,I (2333) Moscow 2013}) 15. Rb1 {[%cal Ba1b1,Bb1b4,Bb4a4][%mdl 32]} b6 16. Rb4 $36 {[%mdl 2048] aiming for Ra4. White has the initiative.} Qxa2 $2 {[%mdl 8192] Black cannot hold the game after this.} (16... Nc5 $1 $11) 17. Ra4 $18 Qb2 18. f4 Bxd5 19. exd5 ({Not} 19. cxd5 Nf7 $18) 19... Nf7 20. Bg4 ({Weaker is} 20. Rxa7 Nc5 $18) 20... b5 21. Rxa7 f5 22. Bd4 bxc4 {[#]} 23. Bf3 (23. Qa4 $142 $1 {[%mdl 512]} Rd8 24. Bd1) 23... Qb5 $2 (23... Nc5 {keeps fighting.} 24. Bxh8 Qb6) 24. Re1 {Threatens to win with Qe2!} O-O 25. Rxe7 Nc5 26. g4 Nb3 $2 (26... Rce8 27. gxf5 Rxe7 28. Rxe7 Nd3 29. fxg6 hxg6) 27. Rab7 Qa5 28. gxf5 Nxd4 29. Qxd4 {Threatening mate with Qf6!} Qa1+ 30. Kg2 {Intending fxg6 and mate.} Ra8 31. fxg6 {White mates.} Ra2+ 32. Be2 hxg6 {[#]} 33. Qf6 $1 Rxe2+ 34. Rxe2 Qd1 35. Qxg6+ Kh8 36. Qh5+ Kg7 {[#]} 37. Rbe7 $1 Rg8 38. Rxf7# {Accuracy: White = 82%, Black = 49%.} 1-0

[Event "36th Cappelle Open 2020"]
[Site "Cappelle-la-Grande"]
[Date "2020.02.24"]
[Round "4.8"]
[White "Nitin, S.."]
[Black "Sadikhov, Ulvi"]
[Result "1/2-1/2"]
[WhiteElo "2353"]
[BlackElo "2496"]
[Annotator "TA"]
[PlyCount "47"]
[EventDate "2020.02.22"]
[EventType "swiss"]
[EventCountry "FRA"]
[SourceTitle "playchess.com"]
[Source "ChessBase"]
[SourceQuality "1"]

{[%evp 14,47,44,30,36,19,53,59,72,26,56,60,55,33,50,0,65,43,54,44,64,28,20,10,21,0,6,17,26,37,129,122,170,150,204,172]} 1. e4 c5 2. Nf3 e6 3. d4 cxd4 4. Nxd4 a6 5. Nc3 Qc7 6. Bd3 Nf6 7. f4 d6 8. Qe2 $1 {[%mdl 4] is currently scoring better than 8.Qf3. Played by Alexander Grischuk in October 2019.} Nbd7 {B82: Sicilian Scheveningen: 6 f4.} 9. g4 Nc5 10. g5 Nfd7 {White is slightly better.} 11. Bd2 Be7 12. h4 b5 13. a3 Bb7 {[#]} 14. Rh3 $146 ({Predecessor:} 14. h5 O-O-O 15. O-O-O Kb8 16. Kb1 Nb6 17. Rhf1 d5 18. e5 g6 19. Nb3 Nc4 20. Na2 {1-0 (61) Yip,C (2276)-Morris Suzuki,S (1945) Charlotte 2019}) 14... g6 ({Black should play} 14... h6 $11) 15. h5 $14 e5 16. Nf3 Nxd3+ 17. cxd3 Nc5 18. Rd1 Qd7 19. Rh4 exf4 20. Bxf4 Ne6 21. Be3 gxh5 (21... Rc8 $14) 22. Rxh5 $16 Rc8 {[#]} 23. Qh2 $1 a5 (23... Rg8 $16 {keeps fighting.} 24. Rxh7 a5) 24. Rxh7 {Accuracy: White = 77%, Black = 66%.} 1/2-1/2

[Event "36th Cappelle Open 2020"]
[Site "Cappelle-la-Grande"]
[Date "2020.02.24"]
[Round "4.9"]
[White "Bournel, Antoine"]
[Black "Wiedenkeller, Michael"]
[Result "1/2-1/2"]
[WhiteElo "2079"]
[BlackElo "2455"]
[Annotator "TA"]
[PlyCount "41"]
[EventDate "2020.02.22"]
[EventType "swiss"]
[EventCountry "FRA"]
[SourceTitle "playchess.com"]
[Source "ChessBase"]
[SourceQuality "1"]

{[%evp 10,41,-12,-15,0,-6,-4,-4,-4,-18,-4,-10,-4,-14,-13,-14,-20,-14,-15,-9,-16,-12,-8,-20,0,0,0,0,0,0,22,17,38,33]} 1. d4 d5 2. Bf4 e6 3. e3 Nf6 4. Nd2 Bd6 5. Bg3 O-O 6. Ngf3 c5 {D02: 1 d4 d5 2 Nf3 sidelines, including 2...Nf6 3 g3 and 2...Nf6 3 Bf4.} 7. c3 Qc7 8. dxc5 Qxc5 {The position is equal.} 9. Bd3 Nbd7 10. e4 {[#] And now e5 would win. 10.Qe2 injects fresh life into this line. Played by Levon Aronian in December 2019.} Bxg3 11. hxg3 dxe4 12. Bxe4 h6 13. Qe2 Rb8 {[#]} 14. O-O $146 ({Predecessor:} 14. Bc2 b6 15. Nd4 Bb7 16. f3 Qe5 17. Qxe5 Nxe5 18. O-O-O Rfd8 19. Rhe1 Nc6 20. Nxc6 Bxc6 {½-½ (65) Najer,E (2670)-Lomasov,S (2553) Moscow 2018}) 14... b5 15. Rfd1 a6 16. Nd4 Nxe4 17. Nxe4 Qc7 18. a4 bxa4 19. Rxa4 {[#] aiming for Rc4.} Nb6 20. Ra5 Nd5 21. Rc5 {Accuracy: White = 100%, Black = 100%.} 1/2-1/2

[Event "36th Cappelle Open 2020"]
[Site "Cappelle-la-Grande"]
[Date "2020.02.24"]
[Round "4.10"]
[White "Godart, Francois"]
[Black "Eynullayev, Altay"]
[Result "1/2-1/2"]
[WhiteElo "2445"]
[BlackElo "2269"]
[Annotator "TA"]
[PlyCount "133"]
[EventDate "2020.02.22"]
[EventType "swiss"]
[EventCountry "FRA"]
[SourceTitle "playchess.com"]
[Source "ChessBase"]
[SourceQuality "1"]

{[%evp 15,133,19,29,16,16,34,41,36,58,28,29,10,10,11,18,12,12,18,18,18,27,24,51,43,57,0,0,0,0,0,38,0,0,0,0,-27,-12,-10,19,0,19,19,20,20,20,20,20,19,20,20,20,20,20,20,162,136,144,114,122,103,150,149,179,157,225,225,225,124,225,157,225,225,226,53,116,0,0,0,0,0,0,0,0,0,0,0,0,0,0,0,0,0,0,0,0,0,0,0,0,0,0,0,0,0,0,0,0,0,0,0,0,0,0,0,0,0,0,0,0,0]} 1. d4 Nf6 2. Nf3 g6 3. c4 Bg7 4. g3 d5 5. Bg2 O-O 6. O-O dxc4 7. Na3 c3 8. bxc3 c5 9. Re1 {D77: Fianchetto Grünfeld: 6 0-0: Replies other than 6...c6.} Nc6 10. Bb2 cxd4 11. cxd4 {White is slightly better.} Nd5 {[#]} 12. Nc4 $146 (12. e4 $5 {[%cal Re4d5]} Nb6 13. Qb3 $14) ({Predecessor:} 12. e4 Nb6 13. Rb1 Bg4 14. Nc2 Nc4 15. Bc3 Qd7 16. Qe2 Nb6 17. Red1 Rac8 18. Ne3 Bxf3 19. Bxf3 {0-1 (49) Khismatullin,D (2617)-Lugovskoy,M (2436) Sochi 2016}) 12... Nb6 13. Rc1 Nxc4 14. Rxc4 Be6 15. Rc5 Qb6 16. Qa1 Rfd8 17. e3 Nb4 18. Bf1 a6 19. a3 Nc6 20. Ng5 ({White should play} 20. Bc3 $14) 20... Bd5 $11 21. Bg2 Bxg2 22. Kxg2 Rd7 23. Qa2 e5 {[%cal Re5d4]} 24. Rb1 Qd8 25. Nf3 exd4 26. exd4 Nxd4 (26... Qe7 {keeps more tension.} 27. Re1 Qd6 28. Qc4 Rad8 29. Re4 Re7) 27. Nxd4 Bxd4 28. Bxd4 Rxd4 29. Rxb7 Rd7 30. Rxd7 Qxd7 {[%mdl 4096] Endgame KQR-KQR} 31. Qc4 Qb7+ 32. Qd5 Qxd5+ 33. Rxd5 {KR-KR} Rc8 34. Rd6 Rc2 (34... a5 $11 {and Black has nothing to worry.}) 35. Rxa6 $18 Ra2 36. g4 g5 37. a4 {[%cal Ba3a4,Ba4a5,Ba5a6][%mdl 32]} Kg7 38. a5 Ra3 39. Ra8 Kg6 (39... Kf6 $16 40. f3 Ke5) 40. a6 Kf6 41. Kf1 (41. a7 $18) 41... Ra2 (41... Ke5 $16) 42. Ke1 Kg6 (42... Ke5 $16 43. h3 h6) 43. Kd1 Kg7 44. Kc1 $2 {[#]} (44. a7 $18) 44... Rxf2 $14 45. Rc8 ({White should try} 45. Kb1 $16 Rf4 46. a7) 45... Ra2 $11 {The position is equal.} 46. Rc6 Rxh2 47. Kb1 Rh3 48. Kb2 Rh2+ 49. Kb3 Rh1 50. Rc2 Ra1 51. Ra2 Rb1+ $1 52. Kc4 {[#] aiming for a7.} Rb8 $1 53. a7 Ra8 54. Kd5 {Strongly threatening Kc6.} f5 55. gxf5 Kf6 56. Ke4 Re8+ 57. Kf3 Ra8 58. Ra5 h5 59. Kg3 g4 60. Kf4 {Threatens to win with Ra6+.} Kf7 61. Ra6 Kg7 62. Ra1 Kf6 63. Ra3 {Hoping for Ra6+.} Kf7 64. Ra6 {Black must now prevent Ra1.} Kg7 65. Kg3 Kf7 66. Kh4 {And now Ra1 would win.} Kg7 67. Kg3 {White really could win this. Accuracy: White = 78%, Black = 79%.} 1/2-1/2

[Event "36th Cappelle Open 2020"]
[Site "Cappelle-la-Grande"]
[Date "2020.02.24"]
[Round "4.11"]
[White "Guilleux, Fabien"]
[Black "Real, Thibault"]
[Result "1-0"]
[WhiteElo "2441"]
[BlackElo "2246"]
[Annotator "TA"]
[PlyCount "73"]
[EventDate "2020.02.22"]
[EventType "swiss"]
[EventCountry "FRA"]
[SourceTitle "playchess.com"]
[Source "ChessBase"]
[SourceQuality "1"]

{[%evp 10,73,20,11,12,14,4,-6,8,-9,10,19,6,7,13,26,18,0,28,31,25,17,34,33,84,59,63,41,63,63,86,76,86,52,62,42,51,62,59,41,54,34,41,49,35,54,64,48,49,0,0,0,0,0,0,0,18,4,161,154,175,175,352,345,29988,29989]} 1. c4 Nf6 2. Nc3 e6 3. e4 d5 4. cxd5 exd5 5. e5 Ne4 6. Nf3 ({Don't play} 6. Nxe4 dxe4 7. Qa4+ Nc6 $15) 6... Bf5 {A18: English Opening: Flohr-Mikenas System (1 c4 Nf6 2 Nc3 e6 3 e4).} 7. d3 Nxc3 8. bxc3 c5 {The position is equal.} 9. d4 Nc6 {9...c4 gains popularity.} 10. Bd3 Bxd3 11. Qxd3 cxd4 12. cxd4 Bb4+ 13. Bd2 {[#]} Qa5 $146 ({Predecessor:} 13... Bxd2+ 14. Qxd2 Qa5 15. Qxa5 Nxa5 16. Rb1 a6 17. Ke2 Rc8 18. Kd3 Ke7 19. Nd2 Rc6 {1-0 (38) Jacobson,B (2455)-Ringoir,T (2510) Charlotte 2019}) 14. O-O $36 {[%mdl 2048] White fights for an advantage.} Bxd2 15. Nxd2 O-O 16. Nf3 Nb4 (16... h6 $14) 17. Qf5 {Black must now prevent Ng5.} h6 18. Rfc1 Qd8 19. Qb1 Qb6 20. Rc5 Rfd8 21. a3 Nc6 22. Rb5 Qa6 23. Rxb7 Rab8 24. Rxb8 (24. Rb2 {looks sharper.} Rxb2 25. Qxb2 Rb8 26. Qc3 Nd8 27. g3) 24... Rxb8 25. Qc2 Rb4 26. Qc3 Rc4 27. Qe3 Qc8 28. h3 Nd8 29. a4 Ne6 30. a5 Rc3 31. Qd2 Rc2 32. Qd1 Rc3 33. Rb1 g5 $2 {[#] This move loses the game for Black.} (33... g6 $11) 34. Nh2 $1 $18 Qc4 {[#]} 35. Ng4 $1 {[%cal Rg4f6]} Qxd4 $2 (35... Kg7) 36. Nxh6+ Kf8 $2 (36... Kh7 $18) 37. Rb8+ {Accuracy: White = 88%, Black = 68%.} 1-0